[Event "Cannes - Festival International des Jeux"]
[Date "2026.02.28"]
[White "Tomasi, Albert"]
[Black "Harshavardhan G B"]
[WhiteElo "2285"]
[BlackElo "2477"]
[Round "8.8.3"]
[Result "0-1"]

e4 {[%emt 00:04:01] [%clk 01:26:58]} e6 {[%emt 00:00:30] [%clk 01:30:31]} d4
{[%emt 00:00:33] [%clk 01:26:55]} d5 {[%emt 00:00:26]} Nc3 {[%emt 00:00:14]
[%clk 01:27:08]} Nf6 {[%emt 00:00:07] [%clk 01:31:00]} Bg5 {[%emt 00:00:56]
[%clk 01:26:42]} dxe4 {[%emt 00:00:10] [%clk 01:31:20]} Nxe4 {[%emt 00:00:55]
[%clk 01:26:17]} Nbd7 {[%emt 00:00:07] [%clk 01:31:43]} Nf3 {[%emt 00:04:31]
[%clk 01:22:17]} h6 {[%emt 00:00:06] [%clk 01:32:06]} Bh4 {[%emt 00:01:15] [%clk
01:21:31]} Be7 {[%emt 00:00:14] [%clk 01:32:23]} Nxf6+ {[%emt 00:01:01] [%clk
01:21:00]} Bxf6 {[%emt 00:00:05] [%clk 01:32:47]} Bg3 {[%emt 00:04:48] [%clk
01:16:42]} c5 {[%emt 00:06:36] [%clk 01:26:41]} c3 {[%emt 00:14:39] [%clk
01:02:33]} O-O {[%emt 00:05:06] [%clk 01:22:05]} Be2 {[%emt 00:06:35] [%clk
00:56:28]} cxd4 {[%emt 00:14:24] [%clk 01:08:12]} Nxd4 {[%emt 00:00:44] [%clk
00:56:14]} Nc5 {[%emt 00:00:13] [%clk 01:08:29]} Nb5 {[%emt 00:07:19] [%clk
00:49:25]} e5 {[%emt 00:01:24] [%clk 01:07:34]} Nd6 {[%emt 00:02:44] [%clk
00:47:11]} Qb6 {[%emt 00:08:43] [%clk 00:59:20]} Nc4 {[%emt 00:10:38] [%clk
00:37:03]} Qe6 {[%emt 00:00:50] [%clk 00:59:00]} Qc2 {[%emt 00:01:31] [%clk
00:36:03]} b6 {[%emt 00:09:33] [%clk 00:49:58]} b4 {[%emt 00:01:57] [%clk
00:34:35]} Ba6 {[%emt 00:01:05] [%clk 00:49:22]} Ne3 {[%emt 00:01:11] [%clk
00:33:54]} Bxe2 {[%emt 00:00:06] [%clk 00:49:46]} Kxe2 {[%emt 00:00:05] [%clk
00:34:20]} Nb7 {[%emt 00:01:59] [%clk 00:48:16]} Rhd1 {[%emt 00:02:12] [%clk
00:32:38]} e4 {[%emt 00:06:57] [%clk 00:41:49]} Kf1 {[%emt 00:08:33] [%clk
00:24:35]} Rfd8 {[%emt 00:03:48] [%clk 00:38:31]} a3 {[%emt 00:05:42] [%clk
00:19:23]} Rac8 {[%emt 00:02:50] [%clk 00:36:11]} Rxd8+ {[%emt 00:00:29] [%clk
00:19:25]} Rxd8 {[%emt 00:00:28] [%clk 00:36:12]} Re1 {[%emt 00:03:20] [%clk
00:16:34]} Bg5 {[%emt 00:08:45] [%clk 00:27:57]} c4 {[%emt 00:03:25] [%clk
00:13:40]} Rc8 {[%emt 00:00:18] [%clk 00:28:09]} Rc1 {[%emt 00:01:12] [%clk
00:12:59]} h5 {[%emt 00:01:50] [%clk 00:26:49]} h4 {[%emt 00:01:45] [%clk
00:11:44]} Bh6 {[%emt 00:00:24] [%clk 00:26:55]} Qc3 {[%emt 00:00:25] [%clk
00:11:48]} Bxe3 {[%emt 00:05:18] [%clk 00:22:07]} fxe3 {[%emt 00:00:12] [%clk
00:12:06]} Nd6 {[%emt 00:00:08] [%clk 00:22:29]} c5 {[%emt 00:06:41] [%clk
00:05:55]} Nf5 {[%emt 00:06:25] [%clk 00:16:34]} Bf2 {[%emt 00:00:04] [%clk
00:06:21]} bxc5 {[%emt 00:00:29] [%clk 00:16:35]} bxc5 {[%emt 00:00:05] [%clk
00:06:46]} Rc6 {[%emt 00:00:31] [%clk 00:16:34]} Qb4 {[%emt 00:02:40] [%clk
00:04:36]} Qe5 {[%emt 00:02:52] [%clk 00:14:11]} Kg1 {[%emt 00:00:56] [%clk
00:04:11]} Nh6 {[%emt 00:03:09]} Qd4 {[%emt 00:00:54] [%clk 00:03:45]} Ng4
{[%emt 00:00:06] [%clk 00:11:58]} Qxe5 {[%emt 00:03:21] [%clk 00:00:55]} Nxe5
{[%emt 00:00:04] [%clk 00:12:24]} Bg3 {[%emt 00:00:06] [%clk 00:01:19]} Nd3
{[%emt 00:03:23] [%clk 00:09:32]} Rc4 {[%emt 00:00:36] [%clk 00:01:12]} f5
{[%emt 00:02:27] [%clk 00:07:35]} Bb8 {[%emt 00:00:44] [%clk 00:00:59]} a6
{[%emt 00:01:01] [%clk 00:07:04]} Ba7 {[%emt 00:00:30] [%clk 00:00:58]} Kf7
{[%emt 00:00:28] [%clk 00:07:05]} Kf1 {[%emt 00:15:40] [%clk 00:16:18]} Ke6
{[%emt 00:01:20] [%clk 00:36:45]} g3 {[%emt 00:00:16] [%clk 00:16:32]} Ne5
{[%emt 00:01:01] [%clk 00:36:14]} Ra4 {[%emt 00:02:46] [%clk 00:14:17]} Nd3
{[%emt 00:01:29] [%clk 00:35:15]} Rc4 {[%emt 00:02:15] [%clk 00:12:32]} Rc8
{[%emt 00:11:36] [%clk 00:24:08]} Ke2 {[%emt 00:02:12] [%clk 00:10:51]} Ne5
{[%emt 00:01:22] [%clk 00:23:16]} Rd4 {[%emt 00:01:52] [%clk 00:09:29]} Rc6
{[%emt 00:00:08] [%clk 00:23:37]} Ra4 {[%emt 00:01:33] [%clk 00:08:26]} Nd3
{[%emt 00:01:21] [%clk 00:22:47]} Rc4 {[%emt 00:00:09] [%clk 00:08:47]} Rc8
{[%emt 00:02:17] [%clk 00:21:00]} Ra4 {[%emt 00:04:18] [%clk 00:05:00]} Rc6
{[%emt 00:00:23] [%clk 00:21:07]} Rc4 {[%emt 00:00:12] [%clk 00:05:18]} Rc7
{[%emt 00:02:14] [%clk 00:19:24]} Bb6 {[%emt 00:00:25] [%clk 00:05:23]} Rc8
{[%emt 00:00:19] [%clk 00:19:34]} Ra4 {[%emt 00:01:51] [%clk 00:04:02]} Rc6
{[%emt 00:00:46] [%clk 00:19:17]} Ba7 {[%emt 00:00:05] [%clk 00:04:27]} Kd5
{[%emt 00:03:30] [%clk 00:16:17]} Rd4+ {[%emt 00:00:06] [%clk 00:04:51]} Ke6
{[%emt 00:00:05] [%clk 00:16:43]} Ra4 {[%emt 00:00:06] [%clk 00:05:15]} Ne5
{[%emt 00:02:23] [%clk 00:14:49]} Bb6 {[%emt 00:02:09] [%clk 00:03:37]} Nd7
{[%emt 00:00:23] [%clk 00:14:55]} Ba7 {[%emt 00:00:08] [%clk 00:03:59]} Kf7
{[%emt 00:01:46] [%clk 00:13:38]} Kd2 {[%emt 00:01:13] [%clk 00:03:16]} Ke7
{[%emt 00:01:39] [%clk 00:12:28]} Ra5 {[%emt 00:01:06] [%clk 00:02:41]} Kd8
{[%emt 00:03:14] [%clk 00:09:44]} Kc3 {[%emt 00:00:17] [%clk 00:02:54]} Kc7
{[%emt 00:00:12] [%clk 00:10:03]} Kd4 {[%emt 00:00:11] [%clk 00:03:13]} Kb7
{[%emt 00:01:15] [%clk 00:09:18]} Bb6 {[%emt 00:00:04] [%clk 00:03:38]} Nxb6
{[%emt 00:00:05] [%clk 00:09:42]} cxb6 {[%emt 00:00:04] [%clk 00:04:05]} g6
{[%emt 00:00:09] [%clk 00:10:02]} Rd5 {[%emt 00:02:35] [%clk 00:02:00]} Kxb6
{[%emt 00:00:32] [%clk 00:10:00]} a4 {[%emt 00:00:39] [%clk 00:01:51]} Re6
{[%emt 00:02:23] [%clk 00:08:07]} a5+ {[%emt 00:01:16] [%clk 00:01:05]} Kc6
{[%emt 00:00:14] [%clk 00:08:23]} Rc5+ {[%emt 00:00:13] [%clk 00:01:22]} Kd7
{[%emt 00:00:05] [%clk 00:08:48]} Kd5 {[%emt 00:00:36] [%clk 00:01:16]} Rd6+
{[%emt 00:02:31] [%clk 00:06:46]} Ke5 {[%emt 00:00:07] [%clk 00:01:40]} Rd3
{[%emt 00:02:29] [%clk 00:04:47]} Kf4 {[%emt 00:00:09] [%clk 00:02:00]} Ra3
{[%emt 00:00:10] [%clk 00:05:07]} Rd5+ {[%emt 00:01:13] [%clk 00:01:18]} Ke7
{[%emt 00:00:18] [%clk 00:05:19]} Re5+ {[%emt 00:00:07] [%clk 00:01:42]} Kd6
{[%emt 00:01:36] [%clk 00:04:12]} Re8 {[%emt 00:00:08] [%clk 00:02:05]} Ra1
{[%emt 00:00:51] [%clk 00:03:50]} Rg8 {[%emt 00:01:08] [%clk 00:01:27]} Rf1+
{[%emt 00:00:16] [%clk 00:04:04]} Kg5 {[%emt 00:00:04] [%clk 00:01:53]} Rf3
{[%emt 00:00:33] [%clk 00:04:00]} Rxg6+ {[%emt 00:00:04] [%clk 00:02:20]} Ke5
{[%emt 00:00:04] [%clk 00:04:26]} Kxh5 {[%emt 00:00:47] [%clk 00:02:03]} Rxe3
{[%emt 00:00:05] [%clk 00:04:50]} Rg8 {[%emt 00:01:56] [%clk 00:00:37]} Ra3
{[%emt 00:01:49] [%clk 00:03:31]} Re8+ {[%emt 00:00:21] [%clk 00:00:46]} Kd4
{[%emt 00:00:17] [%clk 00:03:42]} Kg5 {[%emt 00:00:13] [%clk 00:01:04]} Rxg3+
{[%emt 00:00:20] [%clk 00:03:53]} Kxf5 {[%emt 00:00:05] [%clk 00:01:29]} e3
{[%emt 00:01:28] [%clk 00:02:54]} Kf4 {[%emt 00:01:24] [%clk 00:00:35]} Rh3
{[%emt 00:00:12] [%clk 00:03:12]} h5 {[%emt 00:00:29] [%clk 00:00:36]} Rh4
{[%emt 00:00:42] [%clk 00:03:00]} Kf3 {[%emt 00:00:32] [%clk 00:00:34]} Rh3+
{[%emt 00:00:05] [%clk 00:03:24]} Kf4 {[%emt 00:00:05] [%clk 00:01:00]} Kd3
{[%emt 00:00:38] [%clk 00:03:16]} h6 {[%emt 00:00:57] [%clk 00:00:33]} e2 {[%emt
00:00:21] [%clk 00:03:24]} Rd8+ {[%emt 00:00:25] [%clk 00:00:39]} Kc2 {[%emt
00:00:12] [%clk 00:03:40]} Rc8+ {[%emt 00:00:24] [%clk 00:00:49]} Kd2 {[%emt
00:00:06] [%clk 00:04:00]} Rd8+ {[%emt 00:00:25] [%clk 00:00:55]} Ke1 {[%emt
00:01:21] [%clk 00:03:08]} Kg5 {[%emt 00:00:29] [%clk 00:00:57]} Rh1 {[%emt
00:00:48] [%clk 00:02:50]} Kg6 {[%emt 00:00:55] [%clk 00:00:32]} Kf2 {[%emt
00:00:33] [%clk 00:02:46]} Rf8+ {[%emt 00:00:31] [%clk 00:00:32]} Ke3 {[%emt
00:00:05] [%clk 00:03:10]} Re8+ {[%emt 00:00:32] [%clk 00:00:32]} Kd2 {[%emt
00:00:05] [%clk 00:03:34]} Rd8+ {[%emt 00:00:32] [%clk 00:00:32]} Kc3 {[%emt
00:00:06] [%clk 00:03:56]} Rc8+ {[%emt 00:00:30] [%clk 00:00:33]} Kb4 {[%emt
00:00:21] [%clk 00:04:04]} Rb8+ {[%emt 00:00:31] [%clk 00:00:33]} Kxa5 {[%emt
00:00:24] [%clk 00:04:10]}

[Site "Europe Echecs"]

[Event "Cannes - Festival International des Jeux"]
[Date "2026.02.28"]
[White "Noir, Mathys"]
[Black "Derieux, Christian"]
[WhiteElo "2045"]
[BlackElo "1993"]
[Round "8.8.5"]
[Result "1-0"]

d4 {[%emt 00:00:05] [%clk 01:30:55]} g6 {[%emt 00:15:04] [%clk 01:15:56]} c4
{[%emt 00:00:12] [%clk 01:31:13]} Bg7 {[%emt 00:00:06] [%clk 01:16:20]} Nc3
{[%emt 00:00:28] [%clk 01:31:15]} d6 {[%emt 00:00:15] [%clk 01:16:35]} g3 {[%emt
00:00:34] [%clk 01:31:11]} Nd7 {[%emt 00:00:26] [%clk 01:16:39]} e4 {[%emt
00:05:57] [%clk 01:25:44]} e5 {[%emt 00:00:51] [%clk 01:16:18]} d5 {[%emt
00:00:34] [%clk 01:25:40]} Ne7 {[%emt 00:00:49] [%clk 01:15:59]} Bg2 {[%emt
00:00:45] [%clk 01:25:25]} O-O {[%emt 00:02:50] [%clk 01:13:39]} Nge2 {[%emt
00:02:25] [%clk 01:23:30]} f5 {[%emt 00:03:54] [%clk 01:10:14]} O-O {[%emt
00:00:23] [%clk 01:23:37]} Nf6 {[%emt 00:02:41] [%clk 01:08:03]} b4 {[%emt
00:03:47] [%clk 01:20:21]} fxe4 {[%emt 00:16:13] [%clk 00:52:19]} Nxe4 {[%emt
00:00:44] [%clk 01:20:07]} Nxe4 {[%emt 00:00:03] [%clk 00:52:46]} Bxe4 {[%emt
00:00:12] [%clk 01:20:26]} Bh3 {[%emt 00:00:07] [%clk 00:53:09]} Bg2 {[%emt
00:05:39] [%clk 01:15:17]} Bxg2 {[%emt 00:00:16] [%clk 00:53:24]} Kxg2 {[%emt
00:00:04] [%clk 01:15:43]} Nf5 {[%emt 00:01:01] [%clk 00:52:52]} Rb1 {[%emt
00:05:21] [%clk 01:10:53]} Qe7 {[%emt 00:05:51] [%clk 00:47:31]} Bb2 {[%emt
00:07:15] [%clk 01:04:09]} Rf7 {[%emt 00:19:12] [%clk 00:28:48]} Qc2 {[%emt
00:07:14] [%clk 00:57:25]} Raf8 {[%emt 00:07:53] [%clk 00:21:25]} Rbe1 {[%emt
00:05:25] [%clk 00:52:30]} Qd7 {[%emt 00:03:14] [%clk 00:18:42]} Qe4 {[%emt
00:04:27] [%clk 00:48:33]} g5 {[%emt 00:03:19] [%clk 00:15:52]} c5 {[%emt
00:04:07] [%clk 00:44:57]} Rf6 {[%emt 00:02:03] [%clk 00:14:19]} Qc4 {[%emt
00:07:04] [%clk 00:38:24]} Rh6 {[%emt 00:03:02] [%clk 00:11:47]} Ng1 {[%emt
00:00:52] [%clk 00:38:02]} Nh4+ {[%emt 00:00:47] [%clk 00:11:30]} gxh4 {[%emt
00:02:51] [%clk 00:35:42]} Rf4 {[%emt 00:00:03] [%clk 00:11:57]} Qb3 {[%emt
00:04:21] [%clk 00:31:51]} Rg4+ {[%emt 00:01:57] [%clk 00:10:29]} Kf3 {[%emt
00:01:50] [%clk 00:30:32]} Qf5+ {[%emt 00:00:33] [%clk 00:10:26]} Ke2 {[%emt
00:01:20] [%clk 00:29:42]} Rhxh4 {[%emt 00:00:21] [%clk 00:10:35]} Bc3 {[%emt
00:07:54] [%clk 00:22:18]} Rxh2 {[%emt 00:00:28] [%clk 00:10:37]} Kd1 {[%emt
00:02:21] [%clk 00:20:27]} Rxf2 {[%emt 00:01:29] [%clk 00:09:37]} Rxf2 {[%emt
00:01:03] [%clk 00:19:54]} Qxf2 {[%emt 00:00:07] [%clk 00:10:00]} Qc2 {[%emt
00:00:39] [%clk 00:19:46]} Qxc2+ {[%emt 00:04:24] [%clk 00:06:06]} Kxc2 {[%emt
00:00:09] [%clk 00:20:06]} dxc5 {[%emt 00:00:19] [%clk 00:06:17]} a3 {[%emt
00:07:24] [%clk 00:13:13]} cxb4 {[%emt 00:01:15] [%clk 00:05:32]} axb4 {[%emt
00:00:02] [%clk 00:13:41]} Rg2+ {[%emt 00:01:31] [%clk 00:04:30]} Ne2 {[%emt
00:03:48] [%clk 00:10:24]} h5 {[%emt 00:00:10] [%clk 00:04:49]} Kd3 {[%emt
00:03:13] [%clk 00:07:41]} g4 {[%emt 00:01:04] [%clk 00:04:15]} Ke4 {[%emt
00:01:20] [%clk 00:06:51]} Kf7 {[%emt 00:00:50] [%clk 00:03:55]} Bxe5 {[%emt
00:01:02] [%clk 00:06:20]} Bxe5 {[%emt 00:01:29] [%clk 00:02:56]} Kxe5 {[%emt
00:00:02] [%clk 00:06:48]} Rf2 {[%emt 00:00:48] [%clk 00:02:37]} Nf4 {[%emt
00:00:46] [%clk 00:06:33]} h4 {[%emt 00:00:43] [%clk 00:02:24]} Rc1 {[%emt
00:00:21] [%clk 00:06:42]} Kg7 {[%emt 00:02:03] [%clk 00:00:51]} Rxc7+ {[%emt
00:00:43] [%clk 00:06:29]} Kh6 {[%emt 00:03:17] [%clk 00:28:35]} d6 {[%emt
00:04:25] [%clk 00:33:35]} Rd2 {[%emt 00:06:35] [%clk 00:22:28]} d7 {[%emt
00:00:24] [%clk 00:33:41]} h3 {[%emt 00:03:36] [%clk 00:19:21]} Nd5 {[%emt
00:00:22] [%clk 00:33:49]} Rxd5+ {[%emt 00:00:25] [%clk 00:19:26]} Kxd5 {[%emt
00:00:08] [%clk 00:34:12]} h2 {[%emt 00:00:07] [%clk 00:19:48]} Rc1 {[%emt
00:00:04] [%clk 00:34:39]} g3 {[%emt 00:00:07] [%clk 00:20:10]} d8=Q {[%emt
00:00:09] [%clk 00:35:01]} g2 {[%emt 00:00:04] [%clk 00:20:36]} Qh8+ {[%emt
00:00:28] [%clk 00:35:03]}

[Site "Europe Echecs"]

[Event "Cannes - Festival International des Jeux"]
[Date "2026.02.28"]
[White "Laurent-Paoli, Pierre"]
[Black "Sivanandan, Bodhana"]
[WhiteElo "2539"]
[BlackElo "2229"]
[Round "8.8.6"]
[Result "1-0"]

d4 {[%emt 00:42:04]} d5 {[%emt 00:02:50]} c4 {[%emt 00:00:32]} c6 {[%emt
00:00:28]} Nf3 {[%emt 00:00:07]} Nf6 {[%emt 00:00:32]} e3 {[%emt 00:00:10]} Bg4
{[%emt 00:00:26]} h3 {[%emt 00:01:17]} Bxf3 {[%emt 00:00:29]} Qxf3 {[%emt
00:00:21]} e6 {[%emt 00:00:29]} Nc3 {[%emt 00:00:05]} Bb4 {[%emt 00:01:15]} Bd3
{[%emt 00:01:17]} O-O {[%emt 00:01:33]} Bd2 {[%emt 00:03:49]} Nbd7 {[%emt
00:01:27]} a3 {[%emt 00:03:51]} Bxc3 {[%emt 00:05:14]} Bxc3 {[%emt 00:00:08]}
Re8 {[%emt 00:01:08]} O-O {[%emt 00:07:16]} e5 {[%emt 00:01:11]} Qg3 {[%emt
00:06:01]} Qe7 {[%emt 00:06:08]} c5 {[%emt 00:10:23]} Ne4 {[%emt 00:07:30]} Bxe4
{[%emt 00:01:11]} dxe4 {[%emt 00:00:10]} Rfd1 {[%emt 00:07:43]} f5 {[%emt
00:15:46]} b4 {[%emt 00:03:07]} exd4 {[%emt 00:06:44]} Rxd4 {[%emt 00:00:07]}
Ne5 {[%emt 00:02:57]} Rad1 {[%emt 00:00:16]} Qf7 {[%emt 00:01:25]} Rd6 {[%emt
00:05:22]} Nd3 {[%emt 00:01:58]} Rf6 {[%emt 00:00:15]} Qe7 {[%emt 00:03:55]}
Rxf5 {[%emt 00:00:16]} g6 {[%emt 00:03:37]} Rf6 {[%emt 00:03:10]} Rad8 {[%emt
00:08:08]} Rd6 {[%emt 00:09:45]} Qf7 {[%emt 00:02:50]} Qh4 {[%emt 00:09:24]}
Rxd6 {[%emt 00:02:40]} cxd6 {[%emt 00:00:05]} Rf8 {[%emt 00:01:43]} Qxe4 {[%emt
00:03:55]} Nxf2 {[%emt 00:06:39]} Qe5 {[%emt 00:00:32]} Qd7 {[%emt 00:01:12]}
Qh8+ {[%emt 00:01:20]} Kf7 {[%emt 00:00:07]} Qxh7+ {[%emt 00:00:09]} Ke8 {[%emt
00:00:16]} Qxd7+ {[%emt 00:01:28]} Kxd7 {[%emt 00:00:08]} Rf1 {[%emt 00:00:05]}
Kxd6 {[%emt 00:00:59]} Rxf2 {[%emt 00:00:09]} Re8 {[%emt 00:00:07]} Rd2+ {[%emt
00:00:13]} Ke6 {[%emt 00:00:12]} Kf2 {[%emt 00:00:04]} Rc8 {[%emt 00:00:14]} g4
{[%emt 00:00:18]} c5 {[%emt 00:00:12]} b5 {[%emt 00:00:07]} a6 {[%emt 00:00:23]}
bxa6 {[%emt 00:00:11]} bxa6 {[%emt 00:00:05]} h4 {[%emt 00:00:25]} Rc7 {[%emt
00:00:25]} Kf3 {[%emt 00:00:41]} Rh7 Kg3 {[%emt 00:00:25]} Rb7 {[%emt 00:00:30]}
Rb2 {[%emt 00:00:10]} Rd7 {[%emt 00:00:06]} Rb6+ {[%emt 00:00:09]} Kd5 {[%emt
00:00:07]} Rxg6 {[%emt 00:00:11]} Kc4 {[%emt 00:00:08]} Be5 {[%emt 00:00:17]} a5
{[%emt 00:00:08]} h5 {[%emt 00:00:04]} Rd3 {[%emt 00:00:07]} h6 {[%emt
00:00:11]} Rxe3+ {[%emt 00:00:05]} Kf4 {[%emt 00:00:03]} Rh3 {[%emt 00:00:13]}
a4 {[%emt 00:00:18]} Kb4 {[%emt 00:00:14]} Rb6+ {[%emt 00:00:08]} Kxa4 {[%emt
00:00:08]} g5 {[%emt 00:00:11]} c4 {[%emt 00:00:04]} Kg4 {[%emt 00:00:09]} Rh1
{[%emt 00:00:08]} Bf4 {[%emt 00:00:40]} c3 {[%emt 00:00:20]} g6 {[%emt
00:00:35]} c2 {[%emt 00:00:08]} Rc6 {[%emt 00:00:04]} Kb3 {[%emt 00:00:11]} g7
{[%emt 00:00:12]} Rg1+ {[%emt 00:00:06]} Bg3 {[%emt 00:00:16]} c1=Q {[%emt
00:00:19]} g8=Q+ {[%emt 00:00:24]} Kb2 {[%emt 00:00:13]} Rxc1 {[%emt 00:00:08]}
Rxc1 {[%emt 00:00:06]} Be5+ {[%emt 00:00:04]} Ka3 {[%emt 00:00:17]} Qf8+ {[%emt
00:00:04]} Kb3 {[%emt 00:00:16]} Qf3+ {[%emt 00:00:07]} Ka2 {[%emt 00:00:17]}
Qd5+ {[%emt 00:00:04]} Ka3 {[%emt 00:00:09]} Qxa5+ {[%emt 00:00:06]} Kb3 {[%emt
00:00:09]} Qb5+ {[%emt 00:00:06]} Kc2 {[%emt 00:00:05]} Qc4+ {[%emt 00:00:05]}
Kd1 {[%emt 00:00:07]} Qd3+ {[%emt 00:00:03]} Ke1 {[%emt 00:00:07]} Bg3# {[%emt
00:00:03]}

[Site "Europe Echecs"]